|
|
|
|
| LEADER |
01176nam a2200253 a 4500 |
| 001 |
3543052 |
| 008 |
090528s1998 nyu b 001 0 eng d |
| 010 |
|
|
|a 97020756
|
| 020 |
|
|
|a 9971512815
|
| 040 |
|
|
|a DLC
|c DLC
|d DLC
|
| 082 |
0 |
0 |
|a 530.12
|2 21
|
| 100 |
1 |
|
|a Merzbacher, Eugen.
|
| 245 |
1 |
0 |
|a Quantum mechanics /
|c Eugen Merzbacher.
|
| 250 |
|
|
|a 3rd ed.
|
| 260 |
|
|
|a New York :
|b Wiley,
|c c1998.
|
| 300 |
|
|
|a xvi, 656 p.:
|b ill. ;
|c 26 cm.
|
| 504 |
|
|
|a Includes bibliographical references (p. 642-646) and index.
|
| 541 |
1 |
|
|e 000162000
|
| 650 |
|
0 |
|a Quantum theory.
|
| 852 |
4 |
|
|a Ayesha Abed Library
|j General Shelf.
|
| 999 |
|
|
|c 1124
|d 1124
|
| 952 |
|
|
|0 0
|1 0
|2 ddc
|4 0
|6 530_120000000000000_MER_1998
|7 0
|9 1014
|a BRACUL
|b BRACUL
|c GEN
|d 2009-06-24
|g 570.00
|l 6
|m 30
|o 530.12 MER
|p 3010016200
|r 2024-06-11
|s 2024-05-21
|t 1
|v 1140.00
|w 2009-06-24
|y BK
|
| 952 |
|
|
|0 0
|1 0
|2 ddc
|4 0
|6 530_120000000000000_MER_1998
|7 0
|9 9792
|a BRACUL
|b BRACUL
|c GEN
|d 2010-05-05
|l 5
|m 47
|o 530.12 MER
|p 3010016201
|r 2025-12-23
|s 2025-04-28
|t 2
|w 2010-05-05
|y BK
|
| 952 |
|
|
|0 0
|1 0
|2 ddc
|4 0
|6 530_120000000000000_MER
|7 0
|9 12735
|a BRACUL
|b BRACUL
|c GEN
|d 2010-10-25
|g 1150.00
|l 3
|m 13
|o 530.12 MER
|p 3010013225
|r 2023-10-02
|s 2023-06-05
|t 3
|w 2010-10-25
|y BK
|